| 000 | 00835nam a2200289Ia 4500 | ||
|---|---|---|---|
| 001 | Para_1930 | ||
| 003 | CHAP | ||
| 008 | 220125s1993 xx 000 0 und d | ||
| 010 | _a200537 | ||
| 040 | _cCHAP | ||
| 082 | _aPA 632.93 A5 | ||
| 100 |
_aAltieri, Miguel A. _9165396 |
||
| 245 |
_aCrop portection strategies for subsistence farmers / _c by Miguel A. Altieri |
||
| 260 |
_aBoulder, Colorado : _b Westsriew Press |
||
| 300 | _a197 p. | ||
| 440 |
_aWestsriew studies in insect biology _9165397 |
||
| 650 |
_aAgricultura _x plagas _91764 |
||
| 650 |
_aControl de plagas _927595 |
||
| 650 |
_aCultivos _x protección _930311 |
||
| 901 | _aPA 632.93 A5 | ||
| 902 | _aA | ||
| 905 | _a0000001993 i 0000000000 00 | ||
| 910 | _a1993 | ||
| 942 | _cPARA | ||
| 942 |
_cPARA _d1 |
||
| 999 |
_c200537 _d200537 |
||